První kompletní řešení v oblasti řízení vztahů s dodavateli

Spoločnosť SAP markets ponúka riešenie mySAP - Supplier Relationship Management na efektívne riadenie vzťahov s dodávateľmi. Riadenie životného cyklu produktu. Efektívnejšia spolupráca s dodávateľským reťazcom. Plánovanie podnikových zdrojov.

Uložené v:
Podrobná bibliografia
Médium: Kapitola
Jazyk:Czech
Predmet:
Tagy: Pridať tag
Žiadne tagy, Buďte prvý, kto otaguje tento záznam!

MARC

LEADER 00000naa a2200000 4500
001 r044297
005 20231003123531.6
041 0 |a cze 
044 |a CZ 
245 1 0 |a První kompletní řešení v oblasti řízení vztahů s dodavateli 
520 |a Spoločnosť SAP markets ponúka riešenie mySAP - Supplier Relationship Management na efektívne riadenie vzťahov s dodávateľmi. Riadenie životného cyklu produktu. Efektívnejšia spolupráca s dodávateľským reťazcom. Plánovanie podnikových zdrojov. 
610 2 0 |a logistika 
610 2 0 |a dodávatelia 
610 2 0 |a odberatelia 
610 2 0 |a riadenie vnútropodnikové